|
|
|
|
| LEADER |
00644cam a2200193 7i4500 |
| 001 |
0000000752 |
| 005 |
20220913090000.0 |
| 020 |
|
|
|a 9839017748
|
| 050 |
0 |
0 |
|a BP135.8 ABU 1994
|
| 090 |
0 |
0 |
|a BP135.8
|b .A23 1994
|
| 100 |
0 |
|
|a Abdullah A.M
|
| 245 |
1 |
0 |
|a Sirah Rasullullah S.A.W. :
|b penghulu para Anbiya A.S
|c Abdullah A.M.
|
| 260 |
|
|
|a Kuala Lumpur:
|b Darul Nu'man,
|c 1994.
|
| 300 |
|
|
|a iii,131 p.;
|c 22 cm.
|
| 600 |
0 |
0 |
|a Muhammad,
|d Prophet
|
| 650 |
0 |
0 |
|a Da'wah (Islamic)
|
| 997 |
|
|
|a Education & Social Sciences, Faculty
|b Islamic Studies, Department
|
| 998 |
|
|
|a Islamic Studies, Degree
|
| 999 |
|
|
|a 0000007251
|b BOK
|c OPEN SHELF
|e 1st Floor, Bestari Jaya
|